| 000 | 00516nam a2200181Ia 4500 | ||
|---|---|---|---|
| 003 | GCL | ||
| 008 | 140319s9999 xx 000 0 ara d | ||
| 040 |
_aGCL / _cGCL |
||
| 082 | 0 | 4 |
_a891.82 _bح ر |
| 100 | 1 | _aحسنانى حسان | |
| 245 | 1 | 0 |
_aالريح والبلوط / _cحسنانى حسان |
| 700 | 1 | _aمحمد موفاكو | |
| 300 | _a192 ص | ||
| 490 |
_aذاكرة الشعوب _v0 |
||
| 650 | 0 | 4 | _aالقصص اليوغوسلافية |
| 650 | 0 | 4 | _aالادب اليوغسلافى |
| 942 |
_2ddc _cBK |
||
| 999 |
_c38138 _d38138 |
||